Consulta para que la Comisión reformadora del Código Civil dirige a las cortes superiores, catedráticos de derecho civil de las universidades, registradores principales del registro de la propiedad inmueble y colegio de abogados de la República, sobre el modo de transmitir la propiedad inmueble / (Record no. 12464)

000 -CABECERA
fixed length control field 00960nam a22001937a 4500
003 - IDENTIFICADOR DEL NÚMERO DE CONTROL
control field AR-CdUCM
008 - DATOS DE LONGITUD FIJA--INFORMACIÓN GENERAL
fixed length control field 190409b ||||| |||| 00| 0 spa d
040 ## - FUENTE DE LA CATALOGACIÓN
Agencia/entidad que catalogó originalmente la obra MUNICIPALIDAD PROVINCIAL DEL CUSCO
Entidad que transcribió la catalogación BIBLIOTECA MUNICIPAL DEL CUSCO
082 ## - NÚMERO DE LA CLASIFICACIÓN DECIMAL DEWEY
No. de Clasificación 346.431 /
Notacion interna P45
110 ## - ENTRADA PRINCIPAL--NOMBRE DE ENTIDAD CORPORATIVA
Nombre de la institución, jurisdicción como entrada principal Perú / Comisión Reformadora del Código Civil Peruano.
9 (RLIN) 30316
245 ## - MENCIÓN DE TÍTULO
Título Consulta para que la Comisión reformadora del Código Civil dirige a las cortes superiores, catedráticos de derecho civil de las universidades, registradores principales del registro de la propiedad inmueble y colegio de abogados de la República, sobre el modo de transmitir la propiedad inmueble /
260 ## - PUBLICACIÓN, DISTRIBUCIÓN, ETC.
Lugar de publicación, distribución, etc. Lima :
Nombre de la editorial, distribuidor, etc. Libr. e Impr. Gil,
Fecha de publicación, distribución, etc. 1925.
300 ## - DESCRIPCIÓN FÍSICA
Nº de Páginas Extensión 72 paginas ;
Dimensiones 20 cm.
505 ## - NOTA DE CONTENIDO CON FORMATO
Nota de contenido formateada Contenido :Consulta para que la Comisión reformadora del Código Civil /
650 ## - PUNTO DE ACCESO ADICIONAL DE MATERIA--TÉRMINO DE MATERIA
Descriptor Propiedad inmueble
9 (RLIN) 28302
650 ## - PUNTO DE ACCESO ADICIONAL DE MATERIA--TÉRMINO DE MATERIA
Descriptor Transmisión.
9 (RLIN) 30317
942 ## - ELEMENTOS DE PUNTO DE ACCESO ADICIONAL (KOHA)
Fuente de clasificación
Tipo de item Libros-BMC
945 ## - PROCESAMIENTO DE INFORMACIÓN LOCAL (OCLC)
Catalogador rjall
AAAA-MM-DD - Fecha de ingreso o modificacion 2019-04-09
Holdings
Estado de retiro (separado) Fuente de clasificación o esquema de estanterías Estado dañado Ubicación Sala donde se ubica Nombre de la colección Fecha de adquisición o compra Costo, precio normal en soles Signatura topográfica Código de Barras Última vez visto (Koha) Tipo de ítem (Koha)
No     Sala Cusco Antiguo Sala Cusco Antiguo Book Cart 2019-04-09 30.00 346.431 / P45 SCA0001961 2019-04-09 Libros-BMC

Powered by Koha